| 000 | 00359nam a2200133 a 4500 | ||
|---|---|---|---|
| 001 | 4554 | ||
| 003 | CDMR | ||
| 005 | 20130116135257.0 | ||
| 008 | 130130s1994||||||||||||||||||||||||||||d | ||
| 040 |
_aCDMR _bcat _cCPC GIRONA |
||
| 245 | 0 |
_aFamosos que venden _bHomenaje al Centenario del CINE |
|
| 260 |
_c1994 _bCámara de Comercio e Industria de Madrid |
||
| 942 | _cMON | ||
| 999 |
_c4554 _d4554 |
||